000 00613nam a2200205Ia 4500
005 20260415160332.0
008 008 250505s9999 xx 000 0 eng d
037 _aTextual
040 _aFEDL
_beng
_cFEDL
041 _aeng
_2eng
084 _a155.4 POW
_qFEDL
100 _aPowdermaker Florence
_9139118
245 0 _aIntelligent parents' manual
260 _aLondon, UK
_bWilliam Heinemann Medical Books Ltd.
_c1946
300 _ax,256p.
650 _aChild Psychology
700 _a Grimes Louise Ireland
_9756093
942 _cTEXL
_h155.4 POW
999 _c1321802
_d1321802